Villes du Val d’Oise - Mort subite - Statistiques

Statistiques générales
  • Ce quiz a été pris 353 fois
  • Le résultat moyen est 16 sur 22
Answers on the Grid
Answers color-coded by a green-red scale on the quiz's grid according to % correct below.
Cergy
Sarcelles
Saint-Germain-en-Laye
Garges-lès-Gonesse
Melun
Franconville
Chartres
Ermont
Meudon
Taverny
Evry-Courcouronnes
Bezons
Boulogne-Billancourt
Herblay-sur-Seine
Créteil
Eaubonne
Lisieux
Sannois
Fontenay-sous-Bois
Villiers-le-Bel
Alfortville
Montmorency
Corbeil-Essonnes
Deuil-la-Barre
Nanterre
Saint-Ouen-l’Aumône
Jouy-le-Moutier
Issy-les-Moulineaux
Gonesse
Savigny-sur-Orge
Saint-Gratien
Le Chesnay-Rocquencourt
Arnouville
Vitry-sur-Seine
Osny
Étampes
Vauréal
Châtenay-Malabry
Enghien-les-Bains
Orléans
Louvres
 
Statistiques - réponses
Réponse % Correct
Cergy
86%
Ermont
81%
Franconville
81%
Sarcelles
81%
Eaubonne
80%
Enghien-les-Bains
80%
Gonesse
80%
Garges-lès-Gonesse
78%
Montmorency
77%
Taverny
77%
Saint-Gratien
76%
Saint-Ouen-l’Aumône
74%
Sannois
74%
Villiers-le-Bel
74%
Herblay-sur-Seine
73%
Osny
70%
Deuil-la-Barre
69%
Bezons
62%
Vauréal
62%
Louvres
60%
Jouy-le-Moutier
58%
Arnouville
57%
Aucun quiz correspondant
Distribution des résultats
% des personnes avec chaque résultat
Percentile par nombre de réponses
Votre historique - résultats
Vous n’avez pas pris ce quiz